000 00866nam a2200229 i 4500
001 153365
003 ES-MaACL
005 20250913172448.0
008 180713s1977 sp |||| | spa d
080 _a84-323-0258-9
100 1 _aMaurice, Jacques,
_d1934-2013
_979254
245 1 0 _aJ. Costa
_b: crisis de la Restauración y populismo (1875- 1911) /
_cpor Jacques Maurice y Carlos Serrano.
250 _a[1ª ed.].
260 _aMadrid :
_bSiglo Veintiuno de España,
_c1977.
300 _a246 p. ;
_c18 cm.
490 1 _aEstudios de historia contemporanea
504 _aBibliografía: p. 235-238.
600 1 4 _aSerrano, Carlos,
_d1943-2000
_9105689
830 0 0 _aEstudios de historia contemporánea (Siglo XXI)
_9181254
852 _aES-MaACL
_jL-32185
_z.- Donat. herederos de la bibl. de Mª del Pilar Costa Palacín
999 _c153365
_d153365